Taking Sides
This Collection contains a multitude of current and classic issues to enhance and customize your course. You can browse the entire Taking Sides Collection on Create, or you can search by topic, author, or keywords
Enregistré dans:
| Format: | Livre |
|---|---|
| Langue: | Undetermined |
| Publié: |
Dushkin Pub. Group
1995
Guilford, Conn
|
| Sujets: | |
| Tags: |
Ajouter un tag
Pas de tags, Soyez le premier à ajouter un tag!
|
| Thư viện lưu trữ: | Trung tâm Học liệu Trường Đại học Cần Thơ |
|---|
| LEADER | 00650nam a2200169Ia 4500 | ||
|---|---|---|---|
| 001 | CTU_220214 | ||
| 008 | 210402s9999 xx 000 0 und d | ||
| 082 | |a 370 | ||
| 082 | |b T136 | ||
| 245 | 0 | |a Taking Sides | |
| 260 | |a Dushkin Pub. Group | ||
| 260 | |b 1995 | ||
| 260 | |c Guilford, Conn | ||
| 520 | |a This Collection contains a multitude of current and classic issues to enhance and customize your course. You can browse the entire Taking Sides Collection on Create, or you can search by topic, author, or keywords | ||
| 650 | |a Giáo dục,Education | ||
| 650 | |z Hoa Kỳ,United States | ||
| 980 | |a Trung tâm Học liệu Trường Đại học Cần Thơ | ||